00735nam a2200241 a 4500001001300000003000900013005001700022008004100039020002300080082001300103100002000116245007100136260004300207300000900250500003500259505001000294650002500304700002000329902000800349942000700357952011400364999001500478nice12345678IN_TiNIC20260116013036.0050524s1995 lona grp 000 0 eng  a0006792 c19500a291bGRI aGriffiths, Bede aUniversal Wisdomb Journey Through the Sacred Wisdom of the World. aLondon bCollins Religious Pub. c1995 a559p aincludes index and biblioraphy2 aNotes aComparative Religion1 aGriffiths, Bede bSRS cBK 001040708StackRoom-aHMIbHMId2007-07-20g195.00l0o291 GRIp017432r2007-07-20v195.00w2005-05-24yBK c9401d9401